000 00313nam a2200133Ia 4500
008 210210b1989 xxu||||| |||| 00| 0 eng d
082 _a954 KEAI
100 _aKEAY (John).
245 _aIndia discovered.
260 _aCollins.
_bRupa & Co.,
_c1989
300 _a221
690 _aIndian History
906 _a044550
999 _c94306
_d94306